000 01279nac a22003377a 4500
001 BR8201066
003 BR-BrBNA
005 20240105115236.0
008 230509b bl.|||m| |||| 00| 0 por d
040 _aBR-BrBNA
_bpor
_cBiblioteca Nacional de Agricultura
072 _aH60
090 _a2320 BR8201066
100 1 _aKato, O.R.
100 1 _aAlbuquerque, F.C. de
100 1 _aKato, M. do S.A.
100 1 _aMascarenhas, R.E.B.
110 1 _aUnidade de Execucao de Pesquisa de Ambito Estadual de Altamira, PA (Brasil)
_910343
245 1 _aControle de ervas daninhas na cultura da pimenta-do-reino na regiao Transamazonica [Piper nigrum; Herbicida; Controle quimico; Para; Brasil]
246 1 _a[Weed control in black pepper in the area of the Transamazonica highway [Piper nigrum; Herbicide; Chemical control; Parana; Brazil]]
260 3 _aAltamira, PA (Brasil):
_c1981.
300 _a4 p.
490 _aPesquisa em Andamento - Unidade de Execucao de Pesquisa de Ambito Estadual de Altamira (Brazil)
_vno. 2
_x
650 _aErva daninha
650 _aPimenta do reino
650 _aHerbicida
650 _aControle quimico
650 _aTransamazonica
650 _aPara
909 _a202312
_bLúcia Elande
_c55
_dLúcia Elande
942 _2AGRIS
_n0
_cMS
999 _c273837
_d273837